00521pab a2200169 454500008004000000100002000040245006900060260000900129300001300138362001100151650001700162773003400179908000600213909001000219999001700229952010500246180718b2013 xxu||||| |||| 00| 0 eng d aNarrain, Arvind aViolation of bodily integrity - The Delhi rape case among others c2013 ap.17-20. a16 Mar aSexual abuse aEconomic and Political Weekly aN a98546 c98545d98545 00104070aIIPAbIIPAd2018-07-19hVolume no: 48, Issue no: 11pAR99006r2018-07-19w2018-07-19yAR